Не просто город (Запись № 13635695)

Подробности
000 -МАРКЕР
контрольное поле 02183nam0a2200373 4500
001 - ИДЕНТИФИКАТОР ЗАПИСИ
контрольное поле RU\NLR\BIBL_A\022699686
005 - ИДЕНТИФИКАТОР ВЕРСИИ
контрольное поле 20260316112037.0
010 ## - МЕЖДУНАРОДНЫЙ СТАНДАРТНЫЙ НОМЕР КНИГИ (ISBN)
Номер (ISBN) 978-5-600-04739-6
Тираж 500
021 ## - НОМЕР ГОСУДАРСТВЕННОЙ РЕГИСТРАЦИИ
Код страны Российская Федерация
Номер КН-П-25-070907
Номер Листа государственной регистраци КН-П-25-6865
035 ## - ДРУГИЕ СИСТЕМНЫЕ НОМЕРА
Идентификатор записи (NLR Aleph) 022699686
100 ## - ДАННЫЕ ОБЩЕЙ ОБРАБОТКИ
Данные общей обработки 20260113d2025 k y0rusy50 ca
101 0# - ЯЗЫК РЕСУРСА
Язык текста, звукозаписи и т.д. русский
102 ## - СТРАНА ПУБЛИКАЦИИ ИЛИ ПРОИЗВОДСТВА
Страна публикации Российская Федерация
105 ## - ПОЛЕ КОДИРОВАННЫХ ДАННЫХ: ТЕКСТОВЫЕ МАТЕРИАЛЫ, МОНОГРАФИЧЕСКИЕ
Кодированные данные о монографическом текстовом документе acehz 000zd
181 #0 - ПОЛЕ КОДИРОВАННЫХ ДАННЫХ: ВИД СОДЕРЖАНИЯ
Код вида содержания (ISBD) b2
Код характеристики содержания (ISBD) b2e
181 #0 - ПОЛЕ КОДИРОВАННЫХ ДАННЫХ: ВИД СОДЕРЖАНИЯ
Код вида содержания (ISBD) i2
Код характеристики содержания (ISBD) xxe
182 #0 - ПОЛЕ КОДИРОВАННЫХ ДАННЫХ: ТИП СРЕДСТВА
Код типа средства (ISBD) n - непосредственное
200 1# - ЗАГЛАВИЕ И СВЕДЕНИЯ ОБ ОТВЕТСТВЕННОСТИ
Основное заглавие Не просто город
Наименование части Хасавюрт
Сведения, относящиеся к заглавию альманах
Первые сведения об ответственности Региональное отделение Обшероссийской обществено-государственной организации "Российский фонд культуры" в Республике Дагестан
Последующие сведения об ответственности авторы-составители: М. Гаджиев (отв. ред.) [и др.]
203 ## - ВИД СОДЕРЖАНИЯ И ТИП СРЕДСТВА
Вид содержания Изображение
-- Текст
Дополнительные сведения об издании визуальные
Тип средства непосредственные
210 ## - ПУБЛИКАЦИЯ, РАСПРОСТРАНЕНИЕ И ДР.
Место издания, распространения и т.д. Махачкала
Имя издателя, распространителя и т. д. Кавказский экспресс
Дата издания, распространения и т.д. 2025
215 ## - ФИЗИЧЕСКАЯ ХАРАКТЕРИСТИКА
Специфическое обозначение материала и объем 399 с.
Другие сведения о физической характеристике ил., цв. ил., портр., пл., факс.
Размеры 25
Сопроводительный материал 1 отл. л. (ил., цв. ил., карты, пл. : 42×59 см)
225 1# - СЕРИЯ
Основное заглавие серии Серия "Кавказский экспресс"
Обозначение тома вып. 6
300 ## - ОБЩИЕ ПРИМЕЧАНИЯ
Текст примечания В аннот.: Литературно-художественный альманах "Кавказский экспресс – 2025"
517 1# - ДРУГИЕ ВАРИАНТЫ ЗАГЛАВИЯ
Вариант заглавия Литературно-художественный альманах "Кавказский экспресс – 2025"
607 ## - ГЕОГРАФИЧЕСКОЕ НАИМЕНОВАНИЕ КАК ПРЕДМЕТ
Географическое наименование Хасавюрт, город (Дагестан)
Формальный подзаголовок Источники и источниковедение
Тематический подзаголовок История
Системный номер авторитетной/нормативной записи 2206668
Идентификатор авторитетной/нормативной записи RU\NLR\AUTH\661325762
686 1# - ИНДЕКСЫ ДРУГИХ КЛАССИФИКАЦИЙ
Индекс Т3(2Р-6Д-2Х)0,01
702 #1 - ИМЯ ЛИЦА - ВТОРИЧНАЯ ОТВЕТСТВЕННОСТЬ
Начальный элемент ввода Гаджиев
Часть имени, кроме начального элемента ввода М. А.
Расширение инициалов личного имени Марат Алилович
Код отношения Составитель
-- Редактор
712 02 - НАИМЕНОВАНИЕ ОРГАНИЗАЦИИ - ВТОРИЧНАЯ ОТВЕТСТВЕННОСТЬ
Код отношения Прочие
Начальный элемент ввода Российский фонд культуры
Структурное подразделение Региональное отделение в Республике Дагестан
Системный номер авторитетной/нормативной записи 2656760
Идентификатор авторитетной/нормативной записи RU\NLR\AUTH\880624392
942 ## - ДОПОЛНИТЕЛЬНЫЕ ЭЛЕМЕНТЫ ЗАПИСИ (АБИС)
Тип экземпляра АБИС Книга
980 ## - КОЛЛЕКЦИЯ
Название коллекции Национальная библиография

Нет доступных экземпляров.